[Event "World Senior chT-50 2019"]
[Site "Rhodes"]
[Date "2019.04.17"]
[Round "2.24"]
[White "Bruno, Fabio"]
[Black "Chernik, Dmitry"]
[Result "1-0"]
[WhiteElo "2433"]
[BlackElo "1868"]
[Annotator "TA"]
[PlyCount "65"]
[EventDate "2019.04.16"]
[EventType "team-tourn"]
[EventCountry "GRE"]
[SourceTitle "playchess.com"]
[Source "ChessBase"]
[SourceQuality "1"]
[WhiteTeam "Italy"]
[BlackTeam "Canada"]
[WhiteTeamCountry "ITA"]
[BlackTeamCountry "CAN"]

{[%evp 19,65,37,77,19,14,19,51,39,87,67,105,85,106,113,110,104,79,64,202,199,178,126,129,152,176,121,240,226,225,233,313,317,331,325,345,375,376,323,418,360,437,430,679,677,672,667,662,654]} 1. d4 Nf6 2. Nf3 g6 3. c4 Bg7 4. Nc3 d5 5. g3 O-O 6. Bg2 c6 7. Qb3 Qb6 8. O-O dxc4 9. Qxc4 Be6 10. Qa4 Na6 11. h3 {D78: Fianchetto Grünfeld: 6 0-0 c6} ({Better is} 11. e4 $16) (11. Rd1 Rfd8 12. Ng5 Bd7 13. Qc4 Be8 14. a3 e6 15. b4 Nd5 16. Nce4 e5 17. dxe5 Bxe5 18. Rb1 Qc7 {½-½ (44) Ivanisevic,I (2662)-Svane,R (2531) Biel 2015}) 11... Rfd8 12. e4 Qb4 {With the idea ...Qxa4.} 13. Qc2 {White is slightly better.} Qa5 14. Be3 Rac8 $146 ({Predecessor:} 14... h6 15. Rfd1 Rac8 16. a3 Qc7 17. b4 Nb8 {1-0 (64) Garcia Matos,R (2134)-Soto Lora,J (2025) Santo Domingo 2016}) 15. a3 Nc7 16. b4 Qa6 17. Rfd1 Nfe8 18. Ng5 h6 (18... Nd6 $14) 19. Nxe6 $18 Nxe6 20. Bf1 $36 {[%mdl 2048] Keeping Black busy.} (20. e5 $18) 20... b5 {[%cal Rg7d4]} 21. e5 N6c7 22. Qb3 (22. h4 $18) 22... Nd5 {[#]} (22... Qb7 $16 23. a4 a6) 23. Nxd5 $1 cxd5 24. a4 {[%cal Ba3a4,Ba4b5][%mdl 32]} Qe6 25. axb5 Rc7 26. Ra6 Qc8 27. Rda1 Qb8 28. Qa4 e6 29. h4 Bf8 30. Rxa7 {White is clearly winning.} Kg7 (30... Rxa7 $142 31. Qxa7 Ng7) 31. Ra8 Qxa8 32. Qxa8 Rxa8 33. Rxa8 {Accuracy: White = 51%, Black = 34%.} 1-0

[Event "World Senior chT-50 2019"]
[Site "Rhodes"]
[Date "2019.04.17"]
[Round "2.25"]
[White "Grant, Jonathan I M"]
[Black "Strutinskaia, Galina"]
[Result "0-1"]
[WhiteElo "2226"]
[BlackElo "2208"]
[Annotator "NA"]
[PlyCount "124"]
[EventDate "2019.04.16"]
[EventType "team-tourn"]
[EventCountry "GRE"]
[SourceTitle "playchess.com"]
[Source "ChessBase"]
[SourceQuality "1"]
[WhiteTeam "Scotland"]
[BlackTeam "Russia"]
[WhiteTeamCountry "SCO"]
[BlackTeamCountry "RUS"]
[TimeControl "40/5400+30:1800+30"]

1. c4 {[%emt 0:00:00]} e6 {[%emt 0:00:00]} 2. g3 {[%emt 0:00:13]} d5 {[%emt 0:00:00]} 3. Nf3 {[%emt 0:00:06]} dxc4 {[%emt 0:00:57]} 4. Bg2 {[%emt 0:00:14]} a6 {[%emt 0:04:23]} 5. Na3 {[%emt 0:06:31]} b5 {[%emt 0:01:24]} 6. O-O {[%emt 0:03:20]} Bb7 {[%emt 0:00:16]} 7. b3 {[%emt 0:06:32]} cxb3 {[%emt 0:01:39]} 8. axb3 {[%emt 0:00:50]} Nf6 {[%emt 0:04:27]} 9. Bb2 {[%emt 0:03:10]} Be7 {[%emt 0:01:03]} 10. Qc2 {[%emt 0:05:44]} Nbd7 {[%emt 0:03:59]} 11. Nd4 {[%emt 0:14:14]} Bxg2 {[%emt 0:00:57]} 12. Kxg2 {[%emt 0:00:30]} Nb6 {[%emt 0:04:00]} 13. Nc6 {[%emt 0:06:36]} Qd5+ {[%emt 0:01:42]} 14. f3 {[%emt 0:01:03]} Bc5 {[%emt 0:03:38]} 15. Rfc1 {[%emt 0:13:33]} Nbd7 {[%emt 0:03:40]} 16. Na5 {[%emt 0:01:58]} Rc8 {[%emt 0:03:11]} 17. e4 {[%emt 0:01:12]} Qh5 {[%emt 0:01:30]} 18. Nc6 {[%emt 0:09:48]} Bb6 {[%emt 0:09:34]} 19. d4 {[%emt 0:02:57]} Qg5 {[%emt 0:03:17]} ({Better is} 19... Ra8 $14) 20. Rf1 {[%emt 0:05:43]} O-O {[%emt 0:08:03]} 21. Ne7+ {[%emt 0:02:51]} Kh8 {[%emt 0:00:04]} 22. Nxc8 {[%emt 0:00:14]} Rxc8 {[%emt 0:00:01]} 23. b4 {[%emt 0:01:30]} Nh5 {[%emt 0:03:21]} 24. Qc1 {[%emt 0:01:09]} Qe7 {[%emt 0:01:53]} 25. Nc2 {[%emt 0:00:11]} Nb8 {[%emt 0:00:27]} 26. e5 {[%emt 0:03:08]} g6 {[%emt 0:01:29]} 27. Qe3 {[%emt 0:00:55]} Rd8 {[%emt 0:01:33]} 28. Qe4 {[%emt 0:00:51]} Kg8 {[%emt 0:00:23]} 29. Rfd1 {[%emt 0:01:02]} Ng7 {[%emt 0:00:45]} 30. g4 {[%emt 0:00:12]} Ne8 {[%emt 0:03:16]} 31. Bc3 {[%emt 0:01:52]} c6 {[%emt 0:00:26]} 32. Qf4 {[%emt 0:02:13]} Nc7 {[%emt 0:00:45]} 33. Ne3 {[%emt 0:00:14]} Nd5 {[%emt 0:01:22]} 34. Nxd5 {[%emt 0:00:03]} Rxd5 {[%emt 0:01:32]} 35. Kg3 {[%emt 0:00:53]} Bd8 {[%emt 0:00:34]} 36. Be1 {[%emt 0:00:51]} Qa7 {[%emt 0:01:48]} 37. h4 {[%emt 0:00:35]} Nd7 {[%emt 0:00:44]} 38. Rd2 {[%emt 0:02:20]} Be7 {[%emt 0:00:33]} 39. Rdd1 {[%emt 0:01:36]} Nxe5 {[%emt 0:02:36]} 40. Bf2 {[%emt 0:00:00]} Nd3 {[%emt 0:00:00]} 41. Qd2 {[%emt 0:06:25]} Nxf2 {[%emt 0:03:04]} 42. Qxf2 {[%emt 0:01:31]} Bxb4 {[%emt 0:01:21]} 43. Qb2 {[%emt 0:02:59]} a5 {[%emt 0:00:37]} 44. Kh3 {[%emt 0:00:26]} Qd7 {[%emt 0:00:35]} 45. Qc2 {[%emt 0:04:10]} a4 {[%emt 0:02:05]} 46. Rac1 {[%emt 0:01:43]} Ba3 {[%emt 0:00:09]} 47. Ra1 {[%emt 0:01:28]} Bd6 {[%emt 0:05:37]} 48. Rac1 {[%emt 0:00:41]} Bf4 {[%emt 0:00:13]} 49. Rb1 {[%emt 0:02:23]} Be3 {[%emt 0:06:56]} 50. Rd3 {[%emt 0:04:28]} Bxd4 {[%emt 0:00:30]} 51. Rc1 {[%emt 0:02:08]} c5 {[%emt 0:00:17]} 52. f4 {[%emt 0:02:18]} c4 {[%emt 0:04:34]} 53. Rf3 {[%emt 0:00:10]} h5 {[%emt 0:00:18]} 54. g5 {[%emt 0:01:43]} Qd6 {[%emt 0:07:20]} 55. Rd1 {[%emt 0:01:19]} a3 {[%emt 0:00:30]} 56. Rb1 {[%emt 0:01:42]} Bb2 {[%emt 0:01:24]} 57. Re1 {[%emt 0:03:06]} Rd3 {[%emt 0:00:42]} 58. Ree3 {[%emt 0:02:41]} Rxe3 {[%emt 0:00:53]} 59. Rxe3 {[%emt 0:00:01]} Qxf4 {[%emt 0:00:17]} 60. Re4 {[%emt 0:00:39]} Qf3+ {[%emt 0:00:58]} 61. Kh2 {[%emt 0:00:03]} Be5+ {[%emt 0:02:18]} 62. Kg1 {[%emt 0:00:06]} a2 {[%emt 0:00:11]} 0-1

[Event "World Senior chT-50 2019"]
[Site "Rhodes"]
[Date "2019.04.17"]
[Round "2.26"]
[White "Grabuzova, Tatiana"]
[Black "Farrell, Neil"]
[Result "0-1"]
[WhiteElo "2323"]
[BlackElo "2132"]
[Annotator "TA"]
[PlyCount "90"]
[EventDate "2019.04.16"]
[EventType "team-tourn"]
[EventCountry "GRE"]
[SourceTitle "playchess.com"]
[Source "ChessBase"]
[SourceQuality "1"]
[WhiteTeam "Russia"]
[BlackTeam "Scotland"]
[WhiteTeamCountry "RUS"]
[BlackTeamCountry "SCO"]

{[%evp 14,90,23,3,59,-21,-32,-15,28,-33,-31,-43,-20,-29,17,-7,113,8,0,-11,74,-46,15,8,14,0,0,0,0,0,0,0,0,0,2,0,35,24,16,12,4,0,0,-35,0,-827,-14,-16,-10,-43,-8,-8,0,0,0,-8,-6,-8,0,-568,-552,-462,-558,-551,-550,-543,-543,-522,-506,-480,-497,-487,-485,-412,-358,-29972,-29973,-29973,-29972]} 1. d4 e6 2. c4 Nf6 3. g3 d5 4. Bg2 dxc4 5. Nf3 a6 6. O-O Nc6 7. e3 Bd7 8. Nc3 b5 {E04: Open Catalan: 5 Nf3} (8... Nd5 $11) 9. e4 (9. Ne5 $14 Nd5 10. f4 Nxe5 11. fxe5) 9... Be7 $11 10. d5 exd5 $146 {The position is equal.} ({Predecessor:} 10... Nb4 11. Ne5 exd5 12. exd5 Bd6 13. Nxd7 Qxd7 14. Re1+ Kf8 15. Ne4 Nxe4 16. Bxe4 {½-½ (38) Filippov,V (2605)-Sveshnikov,E (2541) Moscow 1999}) 11. exd5 (11. e5 $1 $11 Ne4 12. Nxd5) 11... Na5 $15 12. Ne5 Rb8 13. b3 b4 14. Ne4 Bf5 {[#]} (14... O-O $11 {keeps the balance.}) 15. Ng5 (15. Nd2 $1 $16) 15... O-O $11 {White must now prevent ...c3.} 16. bxc4 Nd7 (16... Bd6 $11 17. Re1 Nd7 18. Nxd7 Qxd7) 17. Ngf3 (17. Nexf7 $16 Rxf7 18. Nxf7 Kxf7 19. Qf3 (19. Qh5+ Bg6 $15)) 17... Bf6 (17... Nxe5 $15 18. Nxe5 Bd6) 18. Bb2 Nxe5 19. Nxe5 Bxe5 20. Bxe5 Nxc4 {[#]} 21. Bxg7 $1 {[%mdl 576] Decoy} Kxg7 22. Qd4+ {[%mdl 64] Double Attack} Qf6 23. Qxc4 a5 24. g4 Bg6 25. f4 {f5 is the strong threat.} ({But not} 25. Qxc7 a4 $17) 25... Qb6+ 26. Kh1 f5 27. g5 Rfe8 28. Rfc1 (28. Bf3 {looks sharper.} a4 29. Rac1 Re7 30. Kg2 Bf7 31. Rf2) 28... Re7 (28... Bf7 {is interesting.} 29. Qc2 Kg8 30. Rf1 Qd6 31. Rf2 Qd7) 29. Qc5 $2 {[%mdl 8192] [#]} (29. Bf3 $11) 29... Qxc5 $2 ({Black should try} 29... Re1+ $1 $19 {[%mdl 512]} 30. Rxe1 Qxc5) 30. Rxc5 a4 $1 31. Rb1 b3 32. axb3 Rxb3 33. Rbc1 Bf7 34. h3 a3 $36 {[%mdl 2048] Hoping for ...a2. Black is pushing.} 35. Ra5 $1 Re2 36. Rxc7 $2 {[%mdl 8192]} (36. d6 $1 $11 Rbb2 37. dxc7 Rxg2 38. c8=R (38. c8=Q Rh2+ {[%mdl 64] Double Attack} 39. Kg1 Rhg2+ 40. Kh1 Rh2+ {[%mdl 64] Double Attack} 41. Kg1 Rhg2+ 42. Kh1 $11)) 36... a2 {Strongly threatening ...Rb1+.} 37. Raa7 Rb1+ 38. Kh2 a1=Q 39. Rxf7+ Kg8 {( -> ...Rh1+)} 40. Rxa1 Rxa1 41. Rxf5 $19 {KRR-KRB} Raa2 42. Kg3 {aiming for Bf3.} Rxg2+ 43. Kf3 Rge2 44. Re5 $2 (44. Rf6 $19) 44... Rxe5 45. fxe5 Ra4 {Accuracy: White = 34%, Black = 43%.} 0-1

[Event "World Senior chT-50 2019"]
[Site "Rhodes"]
[Date "2019.04.17"]
[Round "2.27"]
[White "Neave, George"]
[Black "Kozlovskaya, Valentina"]
[Result "1/2-1/2"]
[WhiteElo "2101"]
[BlackElo "2161"]
[Annotator "TA"]
[PlyCount "101"]
[EventDate "2019.04.16"]
[EventType "team-tourn"]
[EventCountry "GRE"]
[SourceTitle "playchess.com"]
[Source "ChessBase"]
[SourceQuality "1"]
[WhiteTeam "Scotland"]
[BlackTeam "Russia"]
[WhiteTeamCountry "SCO"]
[BlackTeamCountry "RUS"]

{[%evp 13,101,44,55,51,51,52,56,46,78,48,48,45,48,48,48,48,48,52,49,38,81,84,134,104,151,79,78,77,161,93,296,289,343,310,310,89,143,145,147,101,112,97,149,49,102,112,92,71,62,7,15,0,9,-85,-95,-142,-120,-336,-126,-118,-122,-121,-116,-89,0,0,0,0,8,0,31,0,68,0,0,-9,0,0,0,0,0,0,0,0,0,0,0,0,0,0]} 1. e4 c5 2. Nf3 e6 3. d4 cxd4 4. Nxd4 a6 5. Bd3 Nc6 6. Nxc6 bxc6 7. O-O d6 8. c4 {B42: Sicilian: Kan Variation: 5 Bd3} Nf6 9. Nc3 Be7 10. Qe2 {White is slightly better.} (10. Re1 Nd7 11. b3 Nc5 12. Be3 Qa5 13. Rc1 e5 14. Be2 Be6 15. Qd2 Rb8 {½-½ (88) Huschenbeth,N (2589)-Markowski,T (2551) Czech Republic 2018}) 10... e5 11. h3 O-O 12. Rd1 $146 ({Predecessor:} 12. b3 g6 13. Be3 Nh5 14. Qd2 f5 15. exf5 gxf5 16. Qe2 Qe8 {½-½ (16) Herejk,P (2174)-Hulin,P (2073) Ricany 2009}) 12... Qc7 13. Be3 Rb8 14. Rac1 h6 15. b3 a5 16. Bb1 Qb7 17. c5 Ne8 18. cxd6 Nxd6 19. Na4 (19. Qh5 $142) 19... Nb5 $16 20. Nc5 Qa8 (20... Qc7 $16 {is a better defense.}) 21. a4 (21. Qh5 $18) 21... Nc7 $2 (21... Nd4 $16 {might work better.} 22. Bxd4 exd4) 22. Nd7 $18 Ne6 {and the idea ...Bxd7 leaves Black hopeful.} 23. Nxb8 Qxb8 24. Qc4 $2 (24. Rxc6 $18 Qxb3 25. Qc2 Qxc2 26. Rxc2) 24... c5 (24... Ba3 $142) 25. Bd3 Nd4 26. Bxd4 exd4 27. Qc2 Qe5 (27... g6 $142) 28. Bf1 (28. Qd2 $16) 28... Bb7 (28... g5 $14) 29. Re1 $16 g5 30. g3 h5 31. Qd2 (31. Qd1 $14) 31... h4 $11 32. f4 Qg7 $1 33. gxh4 (33. Qxa5 gxf4 34. g4 Qe5 $17) (33. f5 $11 g4 34. Qg2 (34. Qxa5 gxh3 35. Qc7 {[%mdl 64] Double Attack} d3 $19)) 33... gxf4+ $17 34. Qg2 Bxh4 35. Qxg7+ Kxg7 36. Red1 Rc8 {[%mdl 1024] Black has strong compensation.} 37. Bg2 Kh6 38. Rf1 Bg3 (38... Ba6 $17 39. Rxf4 Bg5 40. Rxf7 Bxc1 41. Rf6+ Kg5 42. Rxa6 Rb8 43. Rxa5 Be3+ 44. Kh2 d3) 39. Bf3 $11 Kg5 40. Kg2 Kh4 41. Rfd1 Ba6 42. Bg4 f5 ({Black should try} 42... Rg8 $11) 43. Bxf5 (43. exf5 $14 Rb8 44. f6 (44. Rxc5 Rxb3 45. Rc2 Bb7+ 46. Kg1 Kg5 $11) 44... Rxb3 45. Rc2 (45. Rxc5 Rb2+ 46. Be2 Bxe2 47. Rdc1 f3+ 48. Kh1 Bd3 49. Rf5 Bxf5 50. Rf1 f2 51. Rxf2 {[%mdl 64] Remove Defender} Rxf2 52. Kg1 Bxh3 {[%mdl 64] Discovered Attack} 53. Kh1 Rf1#) 45... Bb7+ 46. Kf1) 43... Rb8 {The position is equal.} 44. Rxc5 Rxb3 45. Bg4 {[%csl Gg4][%cal Rc5h5] [#]} ({Not} 45. Rxa5 $2 f3+ 46. Kg1 f2+ 47. Kg2 f1=Q+ 48. Rxf1 Rb2+ 49. Rf2 Rxf2+ 50. Kg1 Be2 $19) 45... Rb2+ 46. Kh1 {[%csl Gg4][%cal Rc5h5]} Bf2 {White must now prevent ...Be3.} 47. Rh5+ Kg3 {Strongly threatening ...Be3.} 48. Rg5 $1 {And now Be2+ would win.} ({Wrong is} 48. Rxa5 $2 Be3 $19) 48... Kh4 49. Rh5+ Kg3 {Threatens to win with ...Be3.} 50. Rg5 $1 {Be2+ is the strong threat.} ({Don't go for} 50. Rxa5 $2 {[#]} Bb7 $1 $19 {[%mdl 512]}) 50... Kh4 51. Rh5+ {Accuracy: White = 49%, Black = 54%.} 1/2-1/2

[Event "World Senior chT-50 2019"]
[Site "Rhodes"]
[Date "2019.04.17"]
[Round "2.28"]
[White "Fatalibekova, Elena"]
[Black "Smith, Peter R"]
[Result "1-0"]
[WhiteElo "2148"]
[BlackElo "2038"]
[Annotator "TA"]
[PlyCount "83"]
[EventDate "2019.04.16"]
[EventType "team-tourn"]
[EventCountry "GRE"]
[SourceTitle "playchess.com"]
[Source "ChessBase"]
[SourceQuality "1"]
[WhiteTeam "Russia"]
[BlackTeam "Scotland"]
[WhiteTeamCountry "RUS"]
[BlackTeamCountry "SCO"]

{[%evp 9,83,47,72,58,52,45,52,44,47,41,49,33,37,33,34,-14,0,-7,16,27,87,81,70,60,83,55,59,59,152,117,136,59,79,66,110,119,144,88,133,127,124,101,276,260,370,345,344,331,386,386,385,399,363,293,293,293,293,278,270,256,256,247,367,367,367,366,349,304,304,301,499,499,708,608,5932,3939]} 1. e4 g6 2. d4 Bg7 3. c4 d6 4. Nc3 Nd7 5. Be2 c6 6. Be3 {A42: Modern Defence: Averbakh Variation} a6 7. a3 (7. Nf3 b5 8. O-O Ngf6 9. cxb5 axb5 10. a3 O-O 11. h3 Nb6 12. Qd2 {½-½ (12) Georgiev,V (2559)-Haub,T (2458) Copenhagen 2013}) 7... b5 8. cxb5 $146 {White is slightly better.} ({Predecessor:} 8. Nf3 Bb7 9. O-O Ngf6 10. e5 Ng4 11. e6 fxe6 12. Ng5 Nxe3 13. fxe3 {1-0 (40) Starke,D (2305)-Gruettemeier,U Porta Westfalica 1990}) 8... cxb5 9. Nf3 Ngf6 10. h3 O-O 11. O-O Bb7 12. d5 Rc8 {Threatening ...Rxc3!} 13. Rc1 Nc5 14. Nd2 Nfd7 (14... Ncd7 $11 {remains equal.}) 15. b4 $36 {[%mdl 2048] Black is under strong pressure.} Nd3 16. Bxd3 Rxc3 17. Rxc3 Bxc3 18. Nb3 Bg7 ({Better is} 18... Qb8 $14) 19. Na5 Qa8 20. Qd2 (20. a4 $16) 20... Rc8 21. Rc1 Ne5 22. Be2 Kf8 23. Rxc8+ (23. Qd1 $142) 23... Qxc8 24. Nxb7 Qxb7 25. Qc2 Ke8 $2 {[#]} (25... Bf6 $16 26. f4 Nc4 27. Bxc4 bxc4) 26. a4 $1 $18 e6 (26... Kd8 {keeps fighting.} 27. Qa2 Kc8) 27. axb5 axb5 28. f4 exd5 29. fxe5 Bxe5 30. exd5 Qxd5 31. Qd3 Qxd3 32. Bxd3 Bc3 33. Bxb5+ Ke7 34. Bc4 {[#] b5 is the strong threat.} Bxb4 35. Bd5 h5 (35... Bc3 $142 36. Bh6 Be1) 36. Kf2 Bc3 37. Kf3 Be5 38. Bg5+ f6 39. Be3 h4 $2 (39... f5 {was necessary.} 40. Bg5+ Ke8) 40. Bf2 {White is clearly winning.} g5 (40... Kf8 $142 41. Bxh4 f5) 41. Ke4 Bh2 42. Bd4 {Accuracy: White = 67%, Black = 28%.} 1-0

[Event "World Senior chT-50 2019"]
[Site "Rhodes"]
[Date "2019.04.17"]
[Round "2.29"]
[White "Zimmermann, Rolf"]
[Black "Burchardt, Brigitte"]
[Result "1/2-1/2"]
[WhiteElo "2086"]
[BlackElo "2136"]
[Annotator "TA"]
[PlyCount "119"]
[EventDate "2019.04.16"]
[EventType "team-tourn"]
[EventCountry "GRE"]
[SourceTitle "playchess.com"]
[Source "ChessBase"]
[SourceQuality "1"]
[WhiteTeam "Germany"]
[BlackTeam "Germany"]
[WhiteTeamCountry "GER"]
[BlackTeamCountry "GER"]

{[%evp 9,119,17,16,0,16,14,23,15,22,8,29,39,35,31,68,12,25,23,23,-5,4,-34,-26,-39,-35,-74,-26,-75,-81,-97,-91,-80,-105,-81,-78,-176,-176,-218,-172,-166,-166,-177,-168,-155,-155,-201,-177,-202,-202,-197,-197,-188,-171,-179,-177,-175,-146,-140,-132,-140,-133,-133,-133,-193,-133,-133,0,-133,-133,-133,-133,-133,0,-133,-133,-292,-291,-291,-276,-261,-243,-368,-283,-560,-556,-512,-491,-713,-500,-1051,-200,-201,-192,-197,-190,-150,0,0,0,0,0,0,0,0,0,0,0,0,0,0,0,0]} 1. c4 c5 2. Nc3 Nc6 3. g3 Nf6 4. Bg2 g6 5. e3 Bg7 6. d3 {A36: Symmetrical English vs ...g6: 4 Bg2 Bg7} d6 7. Nge2 Bd7 8. b3 {White has an edge.} O-O (8... Qc8 9. h3 O-O 10. Bb2 a6 11. Qd2 Rb8 12. Rd1 b5 13. Nf4 Re8 14. Ncd5 e5 15. Nxf6+ Bxf6 16. Nd5 Bg7 17. Ba1 Ne7 18. Nxe7+ Rxe7 19. h4 h5 20. O-O {½-½ (20) Rakhmanov,A (2653)-Mamedov,R (2709) Riadh 2017}) 9. Bb2 Qc8 10. h4 $146 ({Predecessor:} 10. h3 a6 11. g4 Rb8 12. Qd2 {1-0 (23) Slimani,A-Elamri,L Caleta 2005}) 10... e5 11. Ne4 Ne8 12. f4 (12. h5 $14) 12... Ne7 13. Qd2 Bc6 14. O-O f5 15. Nf2 Bxg2 16. Kxg2 Qc6+ 17. e4 fxe4 18. Nxe4 Nf6 19. Kg1 Nxe4 20. dxe4 Qxe4 21. Rae1 Qc6 $1 22. Rd1 (22. h5 $17 {might work better.}) 22... Nf5 $19 23. Kh2 Nd4 24. Nxd4 exd4 25. Qg2 Qxg2+ 26. Kxg2 Rfe8 27. Rfe1 Kf7 28. Kf3 h5 29. Bc1 Bf6 30. Bd2 Rab8 31. Rxe8 Rxe8 ({But not} 31... Kxe8 32. Ke4 $17) 32. Re1 Rxe1 33. Bxe1 {[%mdl 4096] Endgame KB-KB} Ke6 34. Ke4 Bd8 35. a4 b6 36. Bf2 {[#]} (36. Bd2 $17) 36... Bf6 (36... b5 $1 $19 {[%cal Rb5c4][%mdl 512]} 37. Be1 (37. axb5 Ba5) 37... b4) 37. Be1 $17 Bd8 (37... Be7 $17 38. a5 bxa5) 38. Bd2 (38. Bf2 $1 $11 {was the only way to keep the balance.}) 38... a6 39. Be1 Bc7 40. Bf2 Bd8 41. Be1 $1 {[#]} b5 $1 {[%mdl 512]} 42. Bd2 $2 (42. axb5 $17 {was the only defense.} axb5 43. Bd2) 42... bxc4 43. bxc4 Bf6 44. Be1 Bg7 45. Bf2 {[#]} (45. Bd2 $142) 45... d3 $1 $19 {[%mdl 512]} 46. Kxd3 $2 (46. Be1 {only move.} Bd4 47. Bd2) 46... Kf5 47. Be1 {[#]} Bd4 $1 {[%cal Rd4g1]} 48. Ba5 (48. Ke2 $142 Ke4 49. Ba5) 48... Kg4 49. Ke4 (49. Bc7 $142 Kxg3 50. Ke4) 49... Kxg3 $2 (49... Bf2 50. Bc7 Bxg3 51. Bxd6 Bxh4 52. Bxc5 Bg3) 50. Bd8 Kg4 {Hoping for ...Bf2.} 51. Kd5 Bf2 52. Kxd6 Bxh4 (52... Kxf4 $17 {Threatens to win with ...Kg4.} 53. Be7 Kg4) 53. Bxh4 $11 {The position is equal.} Kxh4 54. Kxc5 $19 {K3P-K3P} Kg3 {And now ...h4 would win.} 55. Kb6 h4 {aiming for ...h3.} 56. c5 h3 57. c6 h2 58. c7 h1=Q {( -> ...Qa8)} 59. c8=Q Qe4 60. Qxa6 {Accuracy: White = 47%, Black = 67%.} 1/2-1/2

[Event "World Senior chT-50 2019"]
[Site "Rhodes"]
[Date "2019.04.17"]
[Round "2.30"]
[White "Schulz, Petra"]
[Black "Hoehn, Michael"]
[Result "1-0"]
[WhiteElo "2051"]
[BlackElo "2040"]
[Annotator "NA RC"]
[PlyCount "73"]
[EventDate "2019.04.16"]
[EventType "team-tourn"]
[EventCountry "GRE"]
[SourceTitle "playchess.com"]
[Source "ChessBase"]
[SourceQuality "1"]
[WhiteTeam "Germany"]
[BlackTeam "Germany"]
[WhiteTeamCountry "GER"]
[BlackTeamCountry "GER"]
[TimeControl "40/5400+30:1800+30"]

1. e4 {[%emt 0:00:00]} d6 {[%emt 0:00:00]} 2. d4 {[%emt 0:00:00]} e5 {[%emt 0:00:11]} 3. Nf3 {[%emt 0:00:12]} exd4 {[%emt 0:02:00]} 4. Nxd4 {[%emt 0:00:06]} Nf6 {[%emt 0:00:12]} 5. Nc3 {[%emt 0:00:21]} Be7 {[%emt 0:00:41]} 6. g3 {[%emt 0:00:52]} d5 {[%emt 0:11:12]} 7. e5 {[%emt 0:02:33]} Ne4 {[%emt 0:04:15]} 8. Nxe4 {[%emt 0:05:34]} dxe4 {[%emt 0:00:52]} 9. Be3 {[%emt 0:00:38]} c5 {[%emt 0:21:52]} 10. Nb5 {[%emt 0:17:10]} Qb6 {[%emt 0:06:29]} 11. a4 {[%emt 0:14:53]} O-O {[%emt 0:04:48]} 12. Qd5 {[%emt 0:07:44]} Qc6 {[%emt 0:07:35]} 13. Qxc6 {[%emt 0:05:40]} Nxc6 {[%emt 0:00:12]} 14. Nc7 {[%emt 0:00:07]} Bg4 {[%emt 0:08:40]} 15. Nxa8 {[%emt 0:01:29]} Bf3 {[%emt 0:00:26]} 16. Rg1 {[%emt 0:00:05]} Rxa8 {[%emt 0:00:05]} 17. Be2 {[%emt 0:02:06]} Nxe5 {[%emt 0:00:25]} 18. Rd1 {[%emt 0:04:36]} b6 {[%emt 0:05:46]} 19. Rd5 {[%emt 0:02:56]} Bf6 {[%emt 0:01:01]} 20. c3 {[%emt 0:02:10]} c4 {[%emt 0:03:58]} 21. Kd2 {[%emt 0:08:10]} h6 {[%emt 0:03:08]} 22. Ra1 {[%emt 0:04:27]} Rb8 {[%emt 0:02:40]} 23. h4 {[%emt 0:07:25]} a6 {[%emt 0:00:57]} 24. Bxf3 {[%emt 0:04:05]} Nxf3+ {[%emt 0:00:29]} 25. Ke2 {[%emt 0:00:06]} b5 {[%emt 0:01:20]} 26. axb5 {[%emt 0:00:07]} axb5 {[%emt 0:00:03]} 27. Bf4 {[%emt 0:00:23]} Rb7 {[%emt 0:00:10]} 28. Ra8+ {[%emt 0:00:42]} Kh7 {[%emt 0:00:07]} 29. Re8 {[%emt 0:00:32]} b4 {[%emt 0:03:49]} 30. Rxe4 {[%emt 0:03:19]} bxc3 {[%emt 0:00:09]} 31. bxc3 {[%emt 0:00:11]} Ng1+ {[%emt 0:00:12]} 32. Kf1 {[%emt 0:01:31]} Rb1+ {[%emt 0:01:39]} 33. Kg2 {[%emt 0:01:25]} Bxc3 {[%emt 0:00:27]} 34. Rc5 {[%emt 0:01:12]} Bf6 {[%emt 0:02:02]} 35. Rcxc4 {[%emt 0:00:11]} g5 {[%emt 0:00:36]} 36. Bc1 {[%emt 0:00:43]} gxh4 {[%emt 0:01:21]} 37. gxh4 {[%emt 0:00:52]} 1-0

[Event "World Senior chT-50 2019"]
[Site "Rhodes"]
[Date "2019.04.17"]
[Round "2.31"]
[White "Theuer, Carsten"]
[Black "Wolf, Sylvia"]
[Result "0-1"]
[WhiteElo "1868"]
[BlackElo "2001"]
[Annotator "NA RC"]
[PlyCount "44"]
[EventDate "2019.04.16"]
[EventType "team-tourn"]
[EventCountry "GRE"]
[SourceTitle "playchess.com"]
[Source "ChessBase"]
[SourceQuality "1"]
[WhiteTeam "Germany"]
[BlackTeam "Germany"]
[WhiteTeamCountry "GER"]
[BlackTeamCountry "GER"]
[TimeControl "40/5400+30:1800+30"]

1. e4 {[%emt 0:00:00]} c5 {[%emt 0:00:00]} 2. Nf3 {[%emt 0:00:00]} d6 {[%emt 0:00:00]} 3. d4 {[%emt 0:00:06]} cxd4 {[%emt 0:00:00]} 4. Nxd4 {[%emt 0:00:12]} Nf6 {[%emt 0:00:00]} 5. Nc3 {[%emt 0:00:11]} a6 {[%emt 0:00:00]} 6. Be2 {[%emt 0:00:28]} e5 {[%emt 0:00:05]} 7. Nb3 {[%emt 0:00:49]} Be7 {[%emt 0:00:33]} 8. Be3 {[%emt 0:00:57]} Be6 {[%emt 0:00:24]} 9. f3 {[%emt 0:00:21]} b5 {[%emt 0:06:22]} 10. Qd2 {[%emt 0:02:45]} Nbd7 {[%emt 0:04:54]} 11. g4 {[%emt 0:02:33]} Nb6 {[%emt 0:05:49]} 12. Bxb6 {[%emt 0:10:16]} Qxb6 {[%emt 0:00:17]} 13. g5 {[%emt 0:00:09]} Nh5 {[%emt 0:03:25]} 14. Nd5 {[%emt 0:03:23]} Bxd5 {[%emt 0:01:44]} 15. exd5 {[%emt 0:00:02]} Nf4 {[%emt 0:03:25]} 16. h4 {[%emt 0:10:22]} Ng2+ {[%emt 0:10:16]} 17. Kf1 {[%emt 0:02:42]} Ne3+ {[%emt 0:04:27]} 18. Ke1 {[%emt 0:00:03]} Rc8 {[%emt 0:03:07]} 19. c3 {[%emt 0:04:48]} Nf5 {[%emt 0:09:29]} 20. Qd3 {[%emt 0:13:40]} Nxh4 {[%emt 0:05:31]} 21. Rxh4 {[%emt 0:03:20]} Qg1+ {[%emt 0:00:07]} 22. Kd2 {[%emt 0:00:10]} Qxg5+ {[%emt 0:00:17] Rg4 [%clk 00:43:00] [%emt 00:00:27]} 0-1